La estrategia del océano agotado : cómo generar innovación en mercados competitivos /
Na minha lista:
| Autor principal: | |
|---|---|
| Outros Autores: | |
| Formato: | Recurso Eletrônico livro eletrônico |
| Idioma: | espanhol inglês |
| Publicado em: |
Bogotá :
Ecoe Ediciones,
[2016]
|
| Edição: | Primera edición. |
| coleção: | Colección: Ciencias empresariales. Área: Management.
|
| Assuntos: | |
| Acesso em linha: | Digitalia Hispánica |
| Tags: |
Adicionar Tag
Sem tags, seja o primeiro a adicionar uma tag!
|
MARC
| LEADER | 00000nam a2200000Ii 4500 | ||
|---|---|---|---|
| 001 | DIGECOED0720 | ||
| 003 | NyNyDIG | ||
| 006 | m o d | ||
| 007 | cr ||||||||||| | ||
| 008 | 240904s2016 ck o 000 0 spa d | ||
| 035 | |a (OCoLC)1454785865 | ||
| 040 | |a DGITA |b eng |e rda |e pn |c DGITA | ||
| 020 | |z 9789587713923 | ||
| 041 | 1 | |a spa |h eng | |
| 050 | 1 | 4 | |a HC79.E5 ebook |
| 082 | 0 | 4 | |a 658.4083 |2 23 |
| 100 | 1 | |a Zhexembayeva, Nadya, |e author. | |
| 240 | 1 | 0 | |a Overfished ocean strategy. |l Spanish |
| 245 | 1 | 3 | |a La estrategia del océano agotado : |b cómo generar innovación en mercados competitivos / |c Nadya Zhexembayeva ; prólogo y traducción de Francisco López. |
| 250 | |a Primera edición. | ||
| 264 | 1 | |a Bogotá : |b Ecoe Ediciones, |c [2016] | |
| 300 | |a 1 online resource. | ||
| 336 | |a text |b txt |2 rdacontent | ||
| 337 | |a computer |b c |2 rdamedia | ||
| 338 | |a online resource |b cr |2 rdacarrier | ||
| 347 | |a text file |2 rdaft | ||
| 347 | |b PDF | ||
| 490 | 1 | |a Colección: Ciencias empresariales. Área: Management | |
| 588 | 0 | |a Online resource; title from PDF title page (Digitalia, viewed September 4, 2024) | |
| 650 | 0 | |a Sustainable development. | |
| 650 | 0 | |a Recycling (Waste, etc.) | |
| 650 | 0 | |a Scarcity. | |
| 650 | 0 | |a Green marketing. | |
| 650 | 0 | |a Natural resources |x Management. | |
| 700 | 1 | |a López, Francisco, |e contributor agent of text, |e translator. | |
| 700 | 1 | |i Translation of: |a Zhexembayeva, Nadya. |t Overfished ocean strategy. | |
| 791 | 2 | |a Digitalia (Firm), |e distribZhexembayeva, Nadya. | |
| 793 | 0 | |g Digitalia eBook Collection: |a Ecoe Ediciones | |
| 776 | 0 | 8 | |i Print version: |a Zhexembayeva, Nadya. |s Overfished ocean strategy. Spanish. |t Estrategia del océano agotado. |b Primera edición, reimpresión, octubre de 2019. |d Bogotá : Ecoe Ediciones, [2016] |z 9789587713923 |
| 830 | 0 | |a Colección: Ciencias empresariales. |p Área: Management. | |
| 856 | 4 | 0 | |3 Digitalia Hispánica |u https://digitalia.unach.elogim.com/a/156742/ |
| 910 | |a Premium collection: 2024 | ||